Szczegóły MARC21

Problemy i kierunki unormowań rozwoju rynku ubezpieczeniowego w Polsce : Warszawa,22 marca 2002 r /

005 -DATA I CZAS OSTATNIEJ MODYFIKACJI [,]
    • @
    • pole kontrolne
    • 20070315155141.9
020 -Międzynarod. znormalizowany nr książki - ISBN [ , ]
    • a
    • Numer ISBN
    • 8389073390 Find
040 -Instytucja sporządzająca opis [ , ]
    • a
    • Instytucja, która sporządziła opis (NP)
    • SZCZ U
    • c
    • Instytucja, która sporządziła rekord (NP)
    • SZCZ U
041 -Język dokumentu [0, ]
    • a
    • Język tekstu (P)
    • polski
    • h
    • Język tekstu oryginalnego i/lub pośredniego (P)
    • polski
942 -Rodzaj dokumentu [ , ]
    • c
    • Rodzaj dokumentu
    • Książka
245 -Strefa tytułu i oznaczenia odpowiedzialności [0, ]
    • a
    • Tytuł
    • Problemy i kierunki unormowań rozwoju rynku ubezpieczeniowego w Polsce : Find
    • b
    • Ciąg dalszy tytułu (NP)
    • Warszawa,22 marca 2002 r / Find
    • c
    • Pozostałe elementy strefy tytułu i oznaczenia odpowiedzialności (NP)
    • Izba Gospodarcza Ubezpieczeń i Obsługi Ryzyka, Wyższa Szkoła Przedsiębiorczości i Zarządzania im.Leona Koźmińskiego ; [wstęp J.Monkiewicz].
260 -Strefa adresu wydawniczego [ , ]
    • a
    • Miejsce wydania (P)
    • Bydgoszcz :
    • b
    • Nazwa wydawcy (P)
    • "Branta",
    • c
    • Data wydania (P)
    • 2003.
300 -Strefa opisu fizycznego [ , ]
    • a
    • Określenie formy książki i/lub objętość (NP)
    • 143 s. :
    • c
    • Format (NP)
    • 24 cm +
    • e
    • Oznaczenie dokumentu towarzyszącego (NP)
    • CD-ROM.
080 -Uniwersalna Klasyfikacja Dziesiętna [ , ]
    • a
    • Symbol klasyfikacji
    • 368/369(438)"1989/..."(061)
980 -Symbol UKD [ , ]
    • a
    • UKD
    • 368/369(438)"1989/..."(061)
700 -Hasło dodatkowe - nazwa osobowa [ , ]
    • a
    • Nazwa osobowa (NP)
    • Monkiewicz Jan Find
920 -ISBN [ , ]
    • a
    • ISBN
    • 83-89073-39-0 Find
Lokalizacja Data inwentaryzacji Status udost. Numer inwentarzowy Sygnatura
GW2016-02-19-2GW.613136
T2003-10-01-2T.7512 
T2003-11-18-2TM.1824